000 004220000a22001810004500
003 MACL
005 20150915144403.0
008 150915b xxu||||| |||| 00| 0 eng d
040 _aMACL
_cMACL
041 _aEnglish
082 _a823/NAS
100 _aNasrin , Taslima
_911196
245 _aLajja Shame
260 _aNew Delhi
_bPenguin Books
_c1994
350 _a125
650 _aFiction
_911197
942 _cBK
_k823
_2ddc
999 _c3441
_d3441